Celebrity Stage Names - Female Musicians - Statistics

General Stats
  • This quiz has been taken 56 times
  • The average score is 11 of 15
Answer Stats
Hint Answer % Correct
Miley Cyrus Destiny Hope Cyrus
85%
Nicki Minaj Onika Tanya Maraj
85%
Charli XCX Charlotte Emma Aitchison
83%
Cher Cherilyn Sarkisian
80%
Courtney Love Courtney Michelle Harrison
80%
Katy Perry Katheryn Hudson
80%
Alicia Keys Alicia Augello Cook
78%
Lady Gaga Stefani Joanne Angelina Germanotta
76%
Karol G Carolina Giraldo Navarro
74%
P!nk
Alecia Beth Moore
63%
Lana Del Rey Elizabeth Woolridge Grant
61%
Judy Garland Frances Ethel Gumm
61%
Etta James Jamesetta Hawkins
59%
Fergie Stacy Ann Ferguson
59%
Shania Twain Eileen Regina Edwards
48%
No matching quizzes found
Score Distribution
Percent of People with Each Score
Percentile by Number Answered
Your Score History
You have not taken this quiz